00201nam a2200073Ia 4500008004100000082000800041100002400049245005400073240331s9999 xx 000 0 und d bTHI aThillainadarajah, S 0aKalyanam mudiththup par :bsirippu chiththirangal